Aplikovaná psychologie architektury - Kniha III. /
Aplikovaná psychologie architektury - Kniha III. Psychologie komunikace v architektuře Třetí kniha zakladatele aplikované psychologie architektury Karla Smejkala se věnuje komunikaci jako jedné z nejzásadnějších kompetencí současného architekta. V prostředí stále složitějších projektů se architekt s...
Uloženo v:
| Série: | Aplikovaná psychologie architektury,
část 3 |
|---|---|
| Hlavní autor: | |
| Médium: | E-kniha |
| Jazyk: | Czech |
| Vydáno: |
Praha :
Concept 42,
2026
|
| Příbuzné jednotky: | Z cyklu::
Aplikovaná psychologie architektury |
| Tagy: |
Žádné tagy |
| LEADER | 02324nam a22002417i 4500 | ||
|---|---|---|---|
| 001 | 301450 | ||
| 007 | ta | ||
| 008 | 260429s2026 xr ||||| |||| 00| 0 cze d | ||
| 020 | |a 9788088059332 | ||
| 044 | |a xr | ||
| 100 | 1 | |a Smejkal, Karel |4 aut | |
| 245 | 1 | 0 | |a Aplikovaná psychologie architektury - Kniha III. / |c Smejkal, Karel |
| 264 | 1 | |a Praha : |b Concept 42, |c 2026 | |
| 300 | |a 1 online zdroj (95 stran) | ||
| 336 | |a text |b txt |2 rdacontent | ||
| 337 | |a bez média |b n |2 rdamedia | ||
| 338 | |a online zdroj |b cr |2 rdacarrier | ||
| 520 | 2 | |a Aplikovaná psychologie architektury - Kniha III. Psychologie komunikace v architektuře Třetí kniha zakladatele aplikované psychologie architektury Karla Smejkala se věnuje komunikaci jako jedné z nejzásadnějších kompetencí současného architekta. V prostředí stále složitějších projektů se architekt stává koordinátorem, manažerem i prostředníkem mezi různými profesemi, a právě kvalita komunikace rozhoduje o úspěchu celého procesu. Publikace propojuje dlouholeté pedagogické zkušenosti s vědeckým výzkumem a nabízí konkrétní nástroje, jak komunikaci rozvíjet a zefektivnit. Ukazuje, jak předcházet konfliktům, jak vést dialog s klientem i týmem a jak proměnit komunikaci v silný nástroj tvorby. Kniha je určena architektům, studentům i všem, kdo se podílejí na vzniku architektonického díla. Co v knize najdete: • teoretické ukotvení psychologie komunikace v architektuře • originální nástroj v podobě testu Kompas komunikace • strukturu výuky předmětu zaměřeného na komunikační dovednosti • zkušenosti z výuky na ČVUT a realizovaných workshopů • výsledky výzkumů zaměřených na typologii architektů a komunikační schopnosti • praktická pravidla komunikace v architektonické praxi | |
| 787 | 0 | 8 | |g 3 |i Z cyklu: |t Aplikovaná psychologie architektury |
| 910 | |a RBIT002 | ||
| 998 | |d 426532 |a https://core.palmknihy.cz/api/books/426532/cover?te7g8b |b https://core.palmknihy.cz/api/books/426532/cover/400?te7g8b |c https://core.palmknihy.cz/api/books/426532/cover/50?te7g8b |e 2030-12-31 |g 95 |i 9788088059332 |j https://core.palmknihy.cz/api/books/426532/preview.epub |l |q 49 |r 1 |s https://www.palmknihy.cz/kniha/426532 |t ebook |y 2026 |z 1 |v Aplikovaná psychologie architektury |w 3 | ||
| 999 | |d 301448 | ||